000 00333 a2200145 4500
001 62054
020 _a
040 _cAnchieta - Pituba
240 1 0 _aVestibular comentado
_lpor
245 1 0 _aVestibular comentado
300 _a24
362 0 _a2008
650 4 _a. Vestibulares / Exames de admissão em universidades
942 _cBK
999 _c62054
_d62054